[Event "Olympiad"]
[Site "masterchessopen.com Yerevan (Armenia)"]
[Round "9"]
[White "Gretarsson Helgi Ass (ISL)"]
[Black "Gamboa Nelson (COL)"]
[Result "1-0"]
[WhiteElo "2465"]
[BlackElo "2410"]

1.d4 Nf6 2.c4 g6 3.Nc3 Bg7 4.e4 d6 5.f4 O-O 6.Nf3 c5 7.dxc5 Qa5 8.Bd3 Qxc5
9.Qe2 Nc6 10.Be3 Qa5 11.O-O Bg4 12.Rac1 Nd7 13.Qf2 Nc5 14.Bb1 a6 15.Rfd1 b5
16.cxb5 axb5 17.e5 b4 18.Ne4 Nxe4 19.Bxe4 dxe5 20.Bxc6 exf4 21.Bb6 Qxa2
22.Bxa8 Qxa8 23.Bd4 f6 24.h3 Bf5 25.Bc5 Qb7 26.Nd4 Be4 27.Ne6 Re8 28.Rd4 Rc8
29.Rcd1 Qc6 30.Nxg7 {#r} 1-0

[Event "It (open)"]
[Site "masterchessopen.com Buenos Aires (Argentina)"]
[Round "6"]
[White "Giardelli Sergio C (ARG)"]
[Black "Fiorito Fabian (ARG)"]
[Result "1/2-1/2"]
[WhiteElo "2430"]
[BlackElo "2465"]

1.c4 Nf6 2.d4 g6 3.Nc3 Bg7 4.e4 d6 5.f4 O-O 6.Nf3 c5 7.dxc5 Qa5 8.Bd3 Qxc5
9.Qe2 Nc6 10.Be3 Qa5 11.Rc1 Be6 12.a3 Rac8 13.O-O Ng4 14.Bd2 Qb6+ 15.Kh1 Qxb2
16.h3 Nf6 17.f5 Nh5 18.Kh2 Nd4 19.Qe1 Nxf3+ 20.Rxf3 Be5+ 21.Kh1 Bxc4 22.Rb1
Qxa3 23.Bxc4 Rxc4 24.Nd5 Qa2 25.Nxe7+ Kg7 26.Rd1 Qa4 27.Be3 Rxe4 28.Qd2 Rxe3
29.Rxe3 Qf4 30.Kg1 Re8 31.Nd5 Qxf5 32.Rf3 Qd7 33.Qf2 Qa4 34.Rxf7+ Kg8 35.Qf3
Bd4+ 36.Kh2 Be5+ 37.Kg1 Bd4+ 38.Kh2 {#d} 1/2-1/2

[Event "Memorial Erkel"]
[Site "masterchessopen.com Gyula (Hungary)"]
[Round "1"]
[White "Zimmerman Yuri (ISR)"]
[Black "Olah Sandor (HUN)"]
[Result "1/2-1/2"]
[WhiteElo "2380"]
[BlackElo "1966"]

1.d4 Nf6 2.c4 g6 3.Nc3 Bg7 4.e4 d6 5.f4 O-O 6.Nf3 c5 7.dxc5 Qa5 8.Bd3 Qxc5
9.Qe2 Nc6 10.Be3 Qa5 11.O-O Ng4 12.Bd2 Qh5 13.h3 Nd4 14.Nxd4 Bxd4+ 15.Kh1 Qh4
16.Be1 Qh6 17.Nd5 Re8 18.Nc7 Ne3 19.Rf3 Bg4 20.Nxa8 Rxa8 21.Bf2 Qh5 22.Bxe3
Bxf3 23.Qxf3 Qxf3 24.gxf3 Bxe3 25.f5 gxf5 26.exf5 Kg7 27.Re1 Bg5 28.f4 Bf6
29.Kg2 Rg8 30.Kf3 b6 31.b4 Kf8 32.b5 Bh4 33.Re3 Rg3+ 34.Ke4 Rxe3+ 35.Kxe3 h6
36.Kd4 Ke8 37.Be2 Kd7 38.Bh5 Bf2+ 39.Ke4 f6 40.Bf7 Kc7 41.Bd5 Be1 42.Bc6 Bd2
43.a3 Bc1 44.a4 Bd2 45.Be8 Kd8 46.Bf7 Kd7 47.Be6+ Kc7 48.Kf3 Kd8 49.Kg4 Kc7
50.Bd5 Kd8 51.Bg2 Kc7 52.Kg3 Kd8 53.Kf3 Kd7 54.Bf1 Kc7 55.Ke4 Kd7 56.Bg2 Kc7
{#d} 1/2-1/2

[Event "It (open)"]
[Site "masterchessopen.com Linares (Spain)"]
[Round "6"]
[White "Cifuentes Parada Roberto (ESP)"]
[Black "Shaked Tal (USA)"]
[Result "1/2-1/2"]
[WhiteElo "2555"]
[BlackElo "2500"]

1.d4 Nf6 2.c4 g6 3.Nc3 Bg7 4.e4 d6 5.f4 O-O 6.Nf3 c5 7.dxc5 Qa5 8.Bd3 Qxc5
9.Qe2 Nc6 10.Be3 Qa5 11.Rc1 e5 12.O-O Ng4 13.Bd2 exf4 14.Bxf4 Nge5 15.Nxe5
Nxe5 16.Nd5 Be6 17.Bb1 Bxd5 18.exd5 Rae8 19.h3 Nd7 20.Qf2 Be5 21.Bh6 Bg7
22.Bf4 Be5 23.Bh6 Bg7 {#d} 1/2-1/2

[Event "It (open)"]
[Site "masterchessopen.com Murcia (Spain)"]
[Round "5"]
[White "Campos Hernandez Antonio (ESP)"]
[Black "Rufino Bengoetxea Asier (ESP)"]
[Result "1/2-1/2"]
[WhiteElo "2183"]
[BlackElo "2355"]

1.d4 Nf6 2.c4 g6 3.Nc3 Bg7 4.e4 d6 5.f4 O-O 6.Nf3 c5 7.dxc5 Qa5 8.Bd3 Qxc5
9.Qe2 Nc6 10.Be3 Qa5 11.Rc1 Ng4 12.Bd2 Bd7 13.h3 Nf6 14.O-O Qh5 15.Qf2 Rac8
16.Ne2 Qc5 17.Qxc5 dxc5 18.e5 Ne8 19.Bc3 f6 20.Ng3 b6 21.Rcd1 Be6 22.b3 f5
{#d} 1/2-1/2

[Event "Ch Europe (team)"]
[Site "masterchessopen.com Pula (Croatia)"]
[Round "1"]
[White "Gabriel Christian (GER)"]
[Black "Relange Eloi (FRA)"]
[Result "1-0"]
[WhiteElo "2575"]
[BlackElo "2505"]

1.d4 Nf6 2.c4 g6 3.Nc3 Bg7 4.e4 d6 5.f4 O-O 6.Nf3 c5 7.dxc5 Qa5 8.Bd3 Qxc5
9.Qe2 Nc6 10.Be3 Qa5 11.Rc1 Bg4 12.O-O Nd7 13.Qf2 Nc5 14.Bb1 Bxf3 15.gxf3 Na4
16.Nd1 Rfc8 17.a3 Qh5 18.b4 a5 19.b5 Nb8 20.Kh1 Nd7 21.Bd3 Ndc5 22.Be2 Ne6
23.f5 gxf5 24.f4 Qh3 25.Rg1 Nac5 26.Nc3 Kh8 27.exf5 Qxf5 28.Bg4 Qd3 29.Nd5 Re8
30.f5 Nd4 31.f6 Qe4+ 32.Rg2 exf6 33.Rd1 Nde6 34.Nxf6 Qxc4 35.Nxe8 Rxe8 36.Qxf7
Rf8 37.Bxe6 Nxe6 38.Qxb7 Qb3 39.Rdg1 {#r} 1-0

[Event "It (open)"]
[Site "masterchessopen.com Pula (Croatia)"]
[Round "1"]
[White "Gabriel Christian (GER)"]
[Black "Muslija Idris (CRO)"]
[Result "1-0"]
[WhiteElo "2575"]
[BlackElo "2220"]

1.d4 Nf6 2.c4 g6 3.Nc3 Bg7 4.e4 d6 5.f4 O-O 6.Nf3 c5 7.dxc5 Qa5 8.Bd3 Qxc5
9.Qe2 Nc6 10.Be3 Qa5 11.Rc1 Bg4 12.O-O e5 13.Qf2 exf4 14.Bxf4 Bxf3 15.gxf3 Ne5
16.Be2 a6 17.Bd2 Rac8 18.b3 b5 19.Rfd1 bxc4 20.Na4 Qb5 21.Nb6 Rcd8 22.Nxc4
Nxc4 23.Bxc4 Qb7 24.Ba5 Nh5 25.Bd5 Qe7 26.Bxd8 Qxd8 27.Kh1 Be5 28.Rc6 a5 29.a3
Nf4 30.b4 axb4 31.axb4 Nh3 32.Qg2 Qh4 33.Rf1 Rb8 34.Rc4 Kg7 35.Bc6 h5 36.b5
Nf4 37.Qf2 Qh3 38.Rb1 Nd3 39.Qg2 Qh4 40.Rc2 Bd4 41.Qg3 Qf6 42.f4 Nxf4 43.Rf1
Be5 44.Rcf2 h4 45.Qg4 g5 46.Ra2 Bd4 47.Rd2 Bc5 48.Rb1 Ne6 49.Rg2 Kh6 50.Bd7
Nf4 51.Rc2 Bd4 52.Qf5 Kg7 53.Rc6 Qe7 54.b6 Ng6 55.b7 Ne5 56.Rc8 Nxd7 57.Rc7
Qf6 58.Rxd7 Be5 59.h3 {#r} 1-0

[Event "It (open)"]
[Site "masterchessopen.com San Jose (Spain)"]
[Round "1"]
[White "Campos Antonio (ESP)"]
[Black "Gimeno Diaz Fernando (ESP)"]
[Result "1-0"]
[WhiteElo "2034"]
[BlackElo "1874"]

1.d4 Nf6 2.c4 g6 3.Nc3 Bg7 4.e4 d6 5.f4 O-O 6.Nf3 c5 7.dxc5 Qa5 8.Bd3 Qxc5
9.Qe2 Nc6 10.Be3 Qa5 11.Rc1 Nd7 12.O-O Nc5 13.Bb1 Na4 14.Nxa4 Qxa4 15.c5 Be6
16.b3 Qa3 17.f5 Bd7 18.Rcd1 Rad8 19.cxd6 exd6 20.Bg5 f6 21.Bc1 Qa5 22.Rd5 Qc7
23.Rfd1 gxf5 24.exf5 Rfe8 25.Qf2 Ne5 26.Nxe5 dxe5 27.Qd2 Qb6+ 28.Qe3 Qc7
29.Qd3 Re7 30.Ba3 Rf7 31.Rc1 Qb6+ 32.Bc5 Qc7 33.Be3 Qb8 34.b4 Bf8 35.a3 Rg7
36.Ba2 Kh8 37.Bh6 Rxg2+ 38.Kxg2 Bc6 39.Rxc6 Rxd5 40.Qxd5 bxc6 41.Qg8# 1-0

[Event "It (open)"]
[Site "masterchessopen.com Wiesbaden (Germany)"]
[Round "2"]
[White "Kozlov Alexander (GER)"]
[Black "Zunker Reinhard Dr (GER)"]
[Result "1/2-1/2"]
[WhiteElo "2170"]
[BlackElo "2150"]

1.d4 Nf6 2.c4 g6 3.Nc3 Bg7 4.e4 d6 5.f4 c5 6.dxc5 Qa5 7.Bd3 Qxc5 8.Qe2 Nc6
9.Nf3 O-O 10.Be3 Qa5 11.O-O Ng4 12.Bd2 Nb4 13.Bb1 Be6 14.b3 Nc6 15.Qe1 Nd4
16.h3 Nxb3 17.axb3 Qxa1 18.hxg4 Bxg4 19.Nd5 e6 20.Ne3 Bxf3 21.Rxf3 Qb2 22.Bc2
Rac8 23.Bb4 Rfe8 24.Qe2 Bd4 25.Kh2 b5 26.Bd1 {#d} 1/2-1/2

[Event "Tournament \"]
[Site "masterchessopen.com Rio de Janeiro (Brazil)"]
[Date "1997.02.21"]
[Round "9"]
[White "Aranha Filho Alvaro Z (BRA)"]
[Black "Sokolik David (BRA)"]
[Result "0-1"]
[WhiteElo "2315"]
[BlackElo "2241"]

1.d4 Nf6 2.c4 g6 3.Nc3 Bg7 4.e4 d6 5.f4 O-O 6.Nf3 c5 7.dxc5 Qa5 8.Bd3 Qxc5
9.Qe2 Nc6 10.Be3 Qa5 11.O-O Ng4 12.Bd2 Qb6+ 13.Kh1 Qxb2 14.Rab1 Qa3 15.Nb5 Qc5
16.Nc7 Nd4 17.Nxd4 Qxc7 18.Nb5 Qd8 19.h3 Nf6 20.Be3 a6 21.Nd4 e5 22.fxe5 dxe5
23.Nb3 Nh5 24.Rf3 f5 25.Nc5 f4 26.Bf2 g5 27.Bc2 g4 28.Rd3 Qg5 29.h4 Qe7
30.Nxb7 Ng3+ 31.Rxg3 fxg3 32.Bxg3 Bxb7 33.Qxg4 Bc8 34.Qh5 Qf7 35.Qe2 Be6 36.c5
Bxa2 37.Ra1 Bc4 38.Qe3 Kh8 39.Qc3 Qe6 40.Ba4 Bf6 41.Rc1 Bb5 42.Bb3 Qg4 43.Bd5
Qxh4+ 44.Kg1 Rae8 {#R} 0-1

[Event "It (open) \"]
[Site "masterchessopen.com Budapest (Hungary)"]
[Round "7"]
[White "Zimmerman Yuri (ISR)"]
[Black "Huberty Marc (LUX)"]
[Result "0-1"]
[WhiteElo "2380"]
[BlackElo "2227"]

1.d4 Nf6 2.c4 g6 3.Nc3 Bg7 4.e4 d6 5.f4 O-O 6.Nf3 c5 7.dxc5 Qa5 8.Bd3 Qxc5
9.Qe2 Nc6 10.Be3 Qa5 11.Rc1 Bg4 12.O-O Nd7 13.Qf2 Nc5 14.Bb1 Rac8 15.Rfd1 Na4
16.Rd5 Qa6 17.Nd1 Nb6 18.b3 Bxf3 19.gxf3 Nxd5 20.exd5 Nb8 21.Nc3 Qa5 22.Ne4
Nd7 23.f5 b5 24.fxg6 fxg6 25.Ng5 Nf6 26.Qh4 bxc4 27.bxc4 Qa3 28.Re1 Qc3 29.Bd4
Rxc4 30.Ne6 Rxd4 31.Nxd4 g5 32.Ne2 Qe3+ 33.Qf2 Qxf2+ 34.Kxf2 Nxd5 35.Bc2 Nb6
36.Rg1 h6 37.h4 gxh4 38.Rg4 Kf7 39.Rxh4 Rc8 40.Bb3+ Kf8 41.Nf4 Ke8 42.Ne6 Bf6
43.Rxh6 Kd7 44.Rh5 Rc3 45.Nf4 Be5 46.Ng6 Bd4+ 47.Kg3 Rc5 48.Nf8+ Ke8 49.Rxc5
dxc5 50.Ne6 Kd7 51.Kf4 Kd6 52.Ke4 Bf6 53.Nd8 c4 54.Bd1 Kc5 55.a3 Bb2 56.Ne6+
Kd6 57.Nd4 Bxd4 58.Kxd4 e5+ 59.Ke3 Kc5 60.Bc2 Nd5+ 61.Kd2 Kd4 62.Bh7 Nc3
63.Kc2 Nb5 64.a4 Nd6 65.Bg6 a5 66.Bh5 Nf5 67.Bg6 Ne3+ 68.Kb2 Kc5 69.Ka3 Nd5
70.Bf7 Nb6 71.Be8 Kd4 72.Kb2 Kd3 73.Kc1 Kc3 74.Bc6 Kb3 75.Kd2 Kb2 {#R} 0-1

[Event "Ch Argentina (team)"]
[Site "masterchessopen.com Buenos Aires (Argentina)"]
[Round "2"]
[White "Giardelli Sergio C (ARG)"]
[Black "Bielicki Carlos (ARG)"]
[Result "1-0"]
[WhiteElo "2450"]
[BlackElo "2280"]

1.c4 g6 2.d4 Bg7 3.Nc3 d6 4.e4 Nf6 5.f4 O-O 6.Nf3 c5 7.dxc5 Qa5 8.Bd3 Qxc5
9.Qe2 Nc6 10.Be3 Qa5 11.Rc1 Bg4 12.O-O Nd7 13.Kh1 Nc5 14.Bb1 Na4 15.Nxa4 Qxa4
16.Qf2 Bxf3 17.gxf3 Rfd8 18.Rg1 Qb4 19.Rg2 e6 20.h4 Qa5 21.Rcg1 Rd7 22.f5 Re8
23.fxg6 fxg6 24.f4 Rf7 25.Rg5 Qb4 26.b3 Qc3 27.h5 Ne7 28.Qg3 a6 29.c5 dxc5
30.e5 b6 31.hxg6 hxg6 32.Bxg6 Nxg6 33.Rxg6 Ree7 34.f5 exf5 35.e6 Rf8 36.Bh6
Qxg3 37.R1xg3 {#r} 1-0

[Event "It (open)"]
[Site "masterchessopen.com Ceske Budejovice (Czech Republic)"]
[Round "0"]
[White "Zimmerman Yuri (ISR)"]
[Black "Stets Dmitry (UKR)"]
[Result "0-1"]
[WhiteElo "2340"]
[BlackElo "2435"]

1.d4 Nf6 2.c4 g6 3.Nc3 Bg7 4.e4 d6 5.f4 c5 6.dxc5 Qa5 7.Bd3 Qxc5 8.Nf3 Nc6
9.Qe2 O-O 10.Be3 Qa5 11.O-O Ng4 12.Bd2 Qb6+ 13.Kh1 Qxb2 14.Rab1 Qa3 15.Nb5 Qc5
16.Nc7 Nd4 17.Nxd4 Qxc7 18.Bc3 a6 19.h3 Nf6 20.Qb2 Nh5 21.Rf3 e5 22.Ne2 f5
23.Qb6 Qc6 24.Qxc6 bxc6 25.fxe5 dxe5 26.c5 Be6 27.Rb6 fxe4 28.Rxf8+ Rxf8
29.Bxe4 Bd5 30.Bxd5+ cxd5 31.Rd6 d4 32.Ba5 e4 33.g4 d3 34.gxh5 dxe2 35.c6 Be5
36.Re6 Bc7 37.Bd2 Rd8 38.Bc3 Rd3 39.Bb4 a5 40.Re8+ Kf7 41.Rxe4 axb4 42.Rxe2
Rxh3+ 43.Kg1 Rxh5 {#R} 0-1

[Event "Bundesliga (2nd) South 1998/99"]
[Site "masterchessopen.com Germany"]
[Round "0"]
[White "Beim Valery (AUT)"]
[Black "Lenz Thomas (GER)"]
[Result "1-0"]
[WhiteElo "2565"]
[BlackElo "2248"]

1.c4 g6 2.d4 Bg7 3.Nc3 Nf6 4.e4 d6 5.f4 O-O 6.Nf3 c5 7.dxc5 Qa5 8.Bd3 Qxc5
9.Qe2 Nc6 10.Be3 Qa5 11.Rc1 Bg4 12.O-O Nd7 13.Qf2 Nc5 14.Bb1 Bxf3 15.gxf3 Na4
16.Nd1 Rac8 17.a3 Qh5 18.b4 e6 19.Bd3 d5 20.c5 d4 21.Bd2 Rfd8 22.e5 g5 23.fxg5
Nxe5 24.Be4 Nc3 25.Nxc3 dxc3 26.Rxc3 Rc7 27.Rc2 Rcd7 28.Be3 Nd3 29.Qe2 Bd4
30.Qxd3 {#r} 1-0

[Event "It (open)"]
[Site "masterchessopen.com Helsinki (Finland)"]
[Round "4"]
[White "Vark Liina (EST)"]
[Black "Tonteri Ari (FIN)"]
[Result "1-0"]
[WhiteElo "2051"]
[BlackElo "1990"]

1.d4 Nf6 2.c4 g6 3.Nc3 Bg7 4.e4 d6 5.f4 O-O 6.Nf3 c5 7.dxc5 Qa5 8.Bd3 Qxc5
9.Qe2 Nc6 10.Be3 Qa5 11.O-O Bg4 12.h3 Bxf3 13.Qxf3 Rac8 14.a3 a6 15.Qf2 Qc7
16.Nd5 Qb8 17.Rac1 Rfe8 18.Rc2 Nd7 19.Nb6 Rcd8 20.Kh1 Nc5 21.Rd1 Qc7 22.Nd5
Qd7 23.b4 Nxd3 24.Rxd3 f5 25.e5 Rf8 26.Bb6 Rc8 27.Rcd2 Kh8 28.Ne3 Qe6 29.exd6
exd6 30.Rxd6 Qe4 31.Rd7 Nb8 32.R7d3 Rce8 33.Rd5 Nc6 34.Rd7 Nb8 35.Rc7 Re7
36.Rxe7 Qxe7 37.Nd5 Qe4 38.Bd4 Bxd4 39.Qxd4+ Qxd4 40.Rxd4 {#r} 1-0

[Event "It (open) \"]
[Site "masterchessopen.com La Pobla de Lillet (Spain)"]
[Round "6"]
[White "Ayas Fernandez Antonio (ESP)"]
[Black "Del Valle Domenech Rafael (ESP)"]
[Result "1-0"]
[WhiteElo "2320"]
[BlackElo "2036"]

1.c4 Nf6 2.Nc3 g6 3.e4 d6 4.d4 Bg7 5.f4 c5 6.dxc5 Qa5 7.Bd3 Qxc5 8.Nf3 O-O
9.Qe2 Nc6 10.Be3 Qa5 11.O-O Ng4 12.Bd2 Qh5 13.h3 Nd4 14.Qe1 Nxf3+ 15.Rxf3 Bd4+
16.Kh1 f5 17.exf5 gxf5 18.Nd5 e6 19.Ne7+ Kf7 20.Nxc8 Raxc8 21.Bc3 Bb6 22.b4
Rg8 23.a4 a6 24.Ra2 Nf6 25.Re2 Rce8 26.c5 dxc5 27.bxc5 Bxc5 28.Bxf6 Kxf6
29.Qc3+ {#r} 1-0

[Event "Cup Russia (open)"]
[Site "masterchessopen.com Moscow (Russia)"]
[Round "4"]
[White "Loginov Anton (RUS)"]
[Black "Semenov Viktor (RUS)"]
[Result "1-0"]
[WhiteElo "2255"]
[BlackElo "2101"]

1.d4 Nf6 2.c4 g6 3.Nc3 Bg7 4.e4 d6 5.f4 O-O 6.Nf3 c5 7.dxc5 Qa5 8.Bd3 Qxc5
9.Qe2 Nc6 10.Be3 Qa5 11.Rc1 Bg4 12.O-O Nh5 13.Qf2 Rac8 14.a3 Qd8 15.Nd2 Bd7
16.b4 b6 17.Nb3 e6 18.Qd2 Nf6 19.Be2 Qe7 20.Rfd1 d5 21.e5 Ne8 22.c5 Qd8 23.b5
bxc5 24.bxc6 d4 25.cxd7 Qxd7 26.Bf2 f6 27.Nxc5 Rxc5 28.Qxd4 Rd5 29.Nxd5 exd5
30.Qxd5+ Qxd5 31.Rxd5 fxe5 32.fxe5 {#r} 1-0

[Event "It (open)"]
[Site "masterchessopen.com Pardubice (Czech Republic)"]
[Round "4"]
[White "Gretarsson Helgi Ass (ISL)"]
[Black "Balcerak Jakob (GER)"]
[Result "1-0"]
[WhiteElo "2480"]
[BlackElo "2300"]

1.d4 Nf6 2.c4 g6 3.Nc3 Bg7 4.e4 d6 5.f4 O-O 6.Nf3 c5 7.dxc5 Qa5 8.Bd3 Qxc5
9.Qe2 Nc6 10.Be3 Qa5 11.O-O Bg4 12.Rac1 Nd7 13.Qf2 Bxf3 14.gxf3 Nc5 15.Bb1 Na4
16.Nxa4 Qxa4 17.Rfd1 Qb4 18.Rc2 b6 19.Rd3 Rac8 20.a3 Qa4 21.b3 Qa6 22.b4 b5
23.Ba2 bxc4 24.Bxc4 Qa4 25.Bb3 Qa6 26.Bc4 Qa4 27.Bb3 Qa6 28.Qd2 e5 29.Rxd6
Qxa3 30.Qd3 Nxb4 31.Bxf7+ Kh8 32.Qxa3 Nxc2 33.Qxa7 Nxe3 34.Qxe3 Rxf7 35.fxe5
Bxe5 36.Rd5 {#r} 1-0

[Event "It (open)"]
[Site "masterchessopen.com Pont de VIlomara (Spain)"]
[Round "0"]
[White "Mellado Trivino Juan (AND)"]
[Black "Basas Gamazo Josep (ESP)"]
[Result "1-0"]
[WhiteElo "2460"]
[BlackElo "2053"]

1.d4 Nf6 2.c4 g6 3.Nc3 Bg7 4.e4 d6 5.f4 O-O 6.Nf3 c5 7.dxc5 Qa5 8.Bd3 Qxc5
9.Qe2 Nc6 10.Be3 Qa5 11.Rc1 Bd7 12.h3 Rac8 13.O-O Nh5 14.Qd2 Ng3 15.Rfd1 f5
16.exf5 Nxf5 17.Bf2 Kh8 18.Be4 Be6 19.Bd5 Bg8 20.g4 Nh6 21.Nd4 Nxd4 22.Bxd4 e5
23.fxe5 dxe5 24.Be3 Bxd5 25.Nxd5 Qxd2 26.Rxd2 b6 27.b3 Ng8 28.Rf1 Rxf1+
29.Kxf1 Rd8 30.Ke2 Rd7 31.a4 Bf8 32.Kf3 h5 33.Ke4 hxg4 34.hxg4 Bd6 35.g5 Bb8
36.Nb4 Rxd2 37.Bxd2 Ne7 38.Bc3 Kg8 39.Bxe5 Bxe5 40.Kxe5 Kf7 41.Nc2 Nc6+ 42.Kd6
Na5 43.Nd4 Nb7+ 44.Kc6 Nc5 45.a5 Ne4 46.axb6 axb6 47.Kxb6 Nxg5 48.c5 Ke7 49.c6
Ne4 50.b4 Nd6 51.b5 Kd8 52.Ka6 Ne4 53.b6 {#r} 1-0

[Event "Ch State Sao Paulo"]
[Site "masterchessopen.com Santos (Brazil)"]
[Round "2"]
[White "Marques Vinicius (BRA)"]
[Black "Batista Renato Luiz (BRA)"]
[Result "1-0"]
[WhiteElo "2235"]
[BlackElo "2261"]

1.d4 Nf6 2.c4 g6 3.Nc3 Bg7 4.e4 d6 5.f4 O-O 6.Nf3 c5 7.dxc5 Qa5 8.Bd3 Qxc5
9.Qe2 Nc6 10.Be3 Qa5 11.O-O a6 12.a3 Ng4 13.Bd2 Qb6+ 14.Kh1 Nd4 15.Nxd4 Bxd4
16.Nd5 Qd8 17.h3 Nf6 18.Ne3 Nd7 19.Rad1 Nc5 20.Bc2 Bg7 21.Be1 Ne6 22.e5 Qb6
23.b4 dxe5 24.fxe5 Nc7 25.Bf2 Qe6 26.Rfe1 f6 27.Nd5 Nxd5 28.cxd5 Qxe5 29.Qc4
Qh5 30.d6+ Kh8 31.dxe7 Re8 32.Qh4 Qxh4 33.Bxh4 g5 34.Rd8 Be6 35.Rxa8 Rxa8
36.Rxe6 Re8 37.Bg3 {#r} 1-0

[Event "It"]
[Site "masterchessopen.com Split (Croatia)"]
[Round "7"]
[White "Glavas Dragan (CRO)"]
[Black "Armanda Ivica (CRO)"]
[Result "0-1"]
[WhiteElo "2275"]
[BlackElo "2350"]

1.d4 Nf6 2.c4 g6 3.Nc3 Bg7 4.e4 d6 5.f4 O-O 6.Nf3 c5 7.dxc5 Qa5 8.Bd3 Qxc5
9.Qe2 Nc6 10.Be3 Qa5 11.O-O Ng4 12.Bc1 Nb4 13.Bb1 Be6 14.Nd5 Rfe8 15.Ng5 Bd7
16.h3 Nxd5 17.exd5 Nh6 18.f5 Bxf5 19.Bxf5 Nxf5 20.Nxf7 Rf8 21.Rxf5 gxf5 22.Ng5
h6 23.Ne6 Rf7 24.Be3 Qb4 25.Nxg7 Kxg7 26.Qh5 f4 27.Bd4+ Kf8 28.Qxh6+ Ke8
29.Bg7 Rc8 30.b3 Qd2 31.Rf1 Qe3+ 32.Kh1 b5 33.Qg6 Qg3 34.Qh5 Qxg7 35.Rxf4 bxc4
36.bxc4 Rb8 37.Rg4 Rb1+ 38.Kh2 Qe5+ 39.Rg3 Qxh5 {#R} 0-1

[Event "It (open)"]
[Site "masterchessopen.com Valencia (Spain)"]
[Round "5"]
[White "Ayas Fernandez Antonio (ESP)"]
[Black "Barrasa Lopez Juan (ESP)"]
[Result "1-0"]
[WhiteElo "2320"]
[BlackElo "2117"]

1.c4 Nf6 2.Nc3 g6 3.e4 d6 4.d4 Bg7 5.f4 O-O 6.Nf3 c5 7.dxc5 Qa5 8.Bd3 Qxc5
9.Qe2 Nc6 10.Be3 Qa5 11.O-O Ng4 12.Bd2 Qc5+ 13.Kh1 Nd4 14.Nxd4 Bxd4 15.Nd5 Re8
16.Bb4 Qc6 17.c5 a6 18.cxd6 exd6 19.h3 Qxd5 20.exd5 Rxe2 21.Bxe2 Ne3 22.Rf3
Bf5 23.Bc3 Bb6 24.Bd2 Nc2 25.Rc1 Re8 26.Bd3 Nd4 27.Re3 Rxe3 28.Bxe3 Bxd3
29.Bxd4 Bxd4 30.Rd1 Bc4 31.Rxd4 Bxa2 32.g4 Kg7 33.Kg2 a5 34.Kf3 b5 35.Ke3 Kf6
36.Rd1 Bc4 37.Kd4 a4 38.Rc1 h5 39.Re1 hxg4 40.hxg4 g5 41.f5 Bb3 42.Rc1 Bc4
43.Rc2 Bb3 44.Rc6 Ke7 45.Rc7+ Ke8 46.f6 Bd1 47.Re7+ Kf8 48.Rd7 Ke8 49.Rxd6
Bxg4 50.Rb6 Be2 51.Ke5 {#r} 1-0

[Event "It (cat.11)"]
[Site "masterchessopen.com Wijk aan Zee (Netherlands)"]
[Round "6"]
[White "Shaked Tal (USA)"]
[Black "Xie Jun (CHN)"]
[Result "1/2-1/2"]
[WhiteElo "2490"]
[BlackElo "2510"]

1.d4 Nf6 2.c4 g6 3.Nc3 Bg7 4.e4 d6 5.f4 O-O 6.Nf3 c5 7.dxc5 Qa5 8.Bd3 Qxc5
9.Qe2 Nc6 10.Be3 Qa5 11.Rc1 Bg4 12.O-O Nd7 13.Qf2 Bxf3 14.gxf3 Rfc8 15.Rfd1
Nc5 16.Bb1 Na4 17.Nxa4 Qxa4 18.b3 Qa5 19.c5 dxc5 20.Rxc5 Rd8 21.Rxd8+ Qxd8
22.Rd5 Qc7 23.f5 e6 24.Rd2 Re8 25.fxe6 fxe6 26.f4 Rf8 27.Qg3 Bd4 28.Rf2 Qa5
29.Bxd4 Nxd4 30.Bd3 Qc5 31.Kg2 a5 32.Bc4 b5 33.Bd3 {#d} 1/2-1/2

[Event "It (open)"]
[Site "masterchessopen.com Basel (Switzerland)"]
[Round "2"]
[White "Rausis Igors (CZE)"]
[Black "Bujupi Fatmir (SRB)"]
[Result "1-0"]
[WhiteElo "2496"]
[BlackElo "2265"]

1.d4 Nf6 2.c4 g6 3.Nc3 Bg7 4.e4 d6 5.f4 O-O 6.Nf3 c5 7.dxc5 Qa5 8.Bd3 Qxc5
9.Qe2 Nc6 10.Be3 Qa5 11.O-O Bd7 12.Kh1 Nb4 13.Bb1 Ng4 14.Bd2 Qh5 15.h3 Na6
16.Bc2 Nf6 17.Rab1 Qc5 18.Be3 Qc8 19.Kh2 Nb4 20.Bb3 Bc6 21.a3 Na6 22.Bc2 Nc5
23.Nd2 b6 24.Rbe1 Nfd7 25.Ndb1 Qb7 26.Bg1 Ne6 27.Qd2 Bh6 28.Be3 Nec5 29.Nd5
Nf6 30.Nbc3 Nxd5 31.exd5 Be8 32.f5 Bg7 33.Bh6 Qd7 34.b4 Na6 35.Bxg7 Kxg7
36.f6+ exf6 37.Qd4 Qd8 38.Ne4 {#r} 1-0

[Event "It (cat.2)"]
[Site "masterchessopen.com Budapest (Hungary)"]
[Round "1"]
[White "Zimmerman Yuri (ISR)"]
[Black "Farago Sandor (HUN)"]
[Result "0-1"]
[WhiteElo "2440"]
[BlackElo "2295"]

1.d4 Nf6 2.c4 g6 3.Nc3 Bg7 4.e4 d6 5.f4 O-O 6.Nf3 c5 7.dxc5 Qa5 8.Bd3 Qxc5
9.Qe2 Nc6 10.Be3 Qa5 11.O-O Ng4 12.Bd2 Nd4 13.Nxd4 Bxd4+ 14.Kh1 Qh5 15.h3 f5
16.Nd5 e6 17.exf5 gxf5 18.Bc3 Bxc3 19.Nxc3 Nf6 20.Qxh5 Nxh5 21.Kh2 Nf6 22.Rad1
Bd7 23.Be2 Ne8 24.Bh5 Rd8 25.Rfe1 Ng7 26.Be2 Bc6 27.Rd2 Kf7 28.Bd1 Kf6 29.Bc2
Nh5 30.g3 Rg8 31.Re3 Rd7 32.Bd1 Ng7 33.Red3 Rgd8 34.b4 b6 35.Bc2 Kf7 36.Bb3
Ne8 37.Re3 Nc7 38.b5 Bb7 39.Ne2 Kf6 40.Nd4 Be4 41.Bc2 d5 42.Rde2 dxc4 43.Bxe4
Rxd4 44.Bc6 Rd3 45.Kg2 Rxe3 46.Rxe3 Rd2+ 47.Kf3 Rxa2 48.Rc3 Ra4 49.g4 Nd5
50.Rc2 Ra3+ 51.Kf2 fxg4 52.hxg4 Ne3 53.g5+ Kf5 54.Rc1 Kxf4 55.Ke2 Ra2+ 56.Ke1
Kxg5 57.Bf3 Rb2 58.Be2 Rxb5 59.Kf2 Kf4 60.Bxc4 Rc5 {#R} 0-1

[Event "Ch Argentina"]
[Site "masterchessopen.com Buenos Aires (Argentina)"]
[Round "11"]
[White "Soppe Guillermo (ARG)"]
[Black "Panno Oscar (ARG)"]
[Result "0-1"]
[WhiteElo "2448"]
[BlackElo "2454"]

1.d4 Nf6 2.c4 g6 3.Nc3 Bg7 4.e4 d6 5.f4 O-O 6.Nf3 c5 7.dxc5 Qa5 8.Bd3 Qxc5
9.Qe2 Nc6 10.Be3 Qa5 11.Rc1 Bg4 12.O-O Nd7 13.Qf2 Nc5 14.Bb1 Bxf3 15.gxf3 Na4
16.Nxa4 Qxa4 17.h4 Qb4 18.b3 Bh6 19.Kh1 e5 20.f5 Bxe3 21.Qxe3 Qb6 22.Qh6 Qd8
23.Rc2 Kh8 24.Rg2 Rg8 25.f4 Qf8 26.Qg5 f6 27.Qg4 Qh6 28.fxe5 Nxe5 29.Qf4 g5
30.Qd2 Rad8 31.Rh2 Qf8 32.h5 g4 33.Qf4 Qf7 34.Kg2 Rg5 35.h6 Qc7 36.Rd1 b5
37.cxb5 Qc3 38.Rhh1 Qf3+ 39.Qxf3 gxf3+ 40.Kf2 Rg2+ 41.Ke3 Rdg8 42.Bd3 R8g3
43.Bc4 f2+ 44.Ke2 Rg1 45.Rh2 Nxc4 46.Kxf2 Rxd1 47.Kxg3 Rd3+ 48.Kh4 Nd2 49.Rg2
Nf3+ 50.Kh5 Rd2 51.Rg3 Rh2+ 52.Kg4 Ne5+ 53.Kf4 Rh4+ 54.Ke3 Rxh6 55.Kd4 Rh2
56.Rc3 Rd2+ 57.Ke3 Rxa2 58.Rc8+ Kg7 59.Ra8 Ra3 60.b6 Rxb3+ 61.Kd4 Rd3# 0-1

[Event "It (open)"]
[Site "masterchessopen.com Catalunia (Spain)"]
[Round "0"]
[White "Cotes Martinez Joan (ESP)"]
[Black "Carrasco Cortada Juan"]
[Result "1/2-1/2"]
[WhiteElo "1765"]
[BlackElo "2060"]

1.c4 Nf6 2.Nc3 g6 3.e4 d6 4.f4 Bg7 5.Nf3 O-O 6.d4 c5 7.dxc5 Qa5 8.Bd3 Qxc5
9.Qe2 Nc6 10.Be3 Qa5 11.a3 Ng4 12.Bd2 Nd4 13.Nxd4 Bxd4 14.Nd1 Qb6 15.h3 Nf6
16.Be3 Nh5 17.Qf2 Bxe3 18.Nxe3 Nxf4 19.Qxf4 Qxb2 20.O-O Be6 21.Qf2 Qc3 22.Rfd1
Rfc8 23.Nd5 Bxd5 24.cxd5 Qe5 25.Rdc1 b6 26.Rc6 Qxa1+ {#d} 1/2-1/2

[Event "Olympiad (children)"]
[Site "masterchessopen.com Gurzuf (Ukraine)"]
[Round "9"]
[White "Jianu Vlad-Cristian (ROM)"]
[Black "Luo Wei (CHN)"]
[Result "1/2-1/2"]
[WhiteElo "2194"]
[BlackElo "2169"]

1.d4 Nf6 2.c4 g6 3.Nc3 Bg7 4.e4 d6 5.f4 O-O 6.Nf3 c5 7.dxc5 Qa5 8.Bd3 Qxc5
9.Qe2 Nc6 10.Be3 Qa5 11.O-O Bg4 12.Qf2 Bxf3 13.gxf3 Nh5 14.Rac1 Bh6 15.Qh4 e5
16.Nd5 exf4 17.Bxf4 Bxf4 18.Nxf4 Nxf4 19.Qxf4 Qxa2 20.Rf2 Qa5 21.Kh1 Ne5
22.Bf1 Rac8 23.h4 h5 24.Rg2 Qd8 25.c5 Qe7 26.Rg5 f6 27.Rg2 Rxc5 28.Rxc5 dxc5
29.Qh6 Rf7 30.Qe3 Kg7 31.Be2 Qd7 32.f4 Ng4 33.Qxc5 Qc7 34.Qxc7 Rxc7 35.Bxg4
hxg4 36.Rxg4 Kh6 37.f5 gxf5 38.exf5 Kh5 39.Re4 Rc1+ 40.Kg2 Rc2+ 41.Kg3 Rxb2
42.Re6 Rb6 43.Kh3 Rb3+ 44.Kg2 Kxh4 45.Rxf6 Kg5 46.Rf8 Rb6 47.Kf3 Rf6 48.Rc8
Rxf5+ 49.Ke4 Ra5 50.Rf8 Kg6 51.Rb8 Rb5 52.Ra8 a6 53.Rf8 Kg7 54.Rf1 Rc5 55.Rb1
Rc7 56.Ke5 Kf8 57.Kd6 Rh7 58.Kc5 Ke8 59.Kb6 Kd8 60.Rd1+ {#d} 1/2-1/2